| 000 | 00389nam a2200169Ia 4500 | ||
|---|---|---|---|
| 008 | 210210b1970 xxu||||| |||| 00| 0 eng d | ||
| 082 | _a629.4 CLAM | ||
| 100 | _aCLARKE (Arthur C). | ||
| 245 | _aMan and space. | ||
| 260 |
_aNederland _bTime Life International _c1970 |
||
| 300 | _a190 | ||
| 650 | _aspace. | ||
| 650 | _aMan | ||
| 650 | _aand | ||
| 690 | _aAstronomy | ||
| 906 | _a039593 | ||
| 999 |
_c89987 _d89987 |
||